| 000 | 00586nam a2200193 i 4500 | ||
|---|---|---|---|
| 001 | 143415 | ||
| 003 | ES-MaACL | ||
| 005 | 20250915063055.0 | ||
| 007 | t| | ||
| 008 | 070214s1905 sp r ||||1| spa d | ||
| 100 | 1 |
_aSerrano y Sanz, Manuel, _d1868-1932 _9105809 |
|
| 245 | 1 | 0 |
_aCompendio de historia de América / _cManuel Serrano y Sanz. |
| 260 |
_aBarcelona : _bJuan Gili, _c1905. |
||
| 300 |
_a363 p. ; _c17 cm. |
||
| 490 | 1 | _aManuales enciclopédicos Gili | |
| 830 | 0 |
_aManuales enciclopédicos Gili _9187271 |
|
| 852 |
_aES-MaACL _jF-9620 |
||
| 999 |
_c143415 _d143415 |
||